000 00945nas a2200289 4500
001 BR0601485
003 BR-BrBNA
005 20231205105926.0
007 ta
008 230509b bl.|||p| |||| 00| 00por d
040 _aBR-BrBNA
_bpor
_cBiblioteca Nacional de Agricultura
041 _a(Pt)
072 _aH01; H10
100 1 _aGuimarães, C. de O.
100 1 _aCorreia, A. do C.B.
100 1 _aFerreira, M. da C.
245 1 _aPressão de aplicação com pulverizador de barra e eficiência de bioinseticidas fúngicos comerciais
650 _aBEAUVERIA BASSIANA
650 _aMETARHIZIUM ANISOPLIAE
650 _aPULVERIZADOR
650 _aFUNGICIDA ORGÂNICO
650 _aCONTROLE MICROBIANO
650 _aMÉTODO DE APLICAÇÃO
773 0 _tPesquisa Agropecuária Brasileira (Brazil)
_xISSN 0100-204X
_g(Dec 2004), v. 39(12) p. 1177-1182
_wBR0601485
909 _a202311
_bLúcia
_c55
_dLúcia Elande
942 _2AGRIS
_n0
_cANA
999 _c185387
_d185387